000 00527nam a2200193Ia 4500
005 20250508155345.0
008 008 250505s9999 xx 000 0 eng d
037 _aTextual
040 _aFEDL
_beng
_cFEDL
041 _aeng
_2eng
084 _a330.9, PUT
_qFEDL
100 _aPutnam Palmer Cosslett
_9345497
245 0 _aEnergy in the future
260 _aPrinceton
_bD. Van Nostrand Company
_c1953
300 _ax,556p.
650 _aEconomics
942 _cTEXL
_h330.9, PUT
999 _c1356276
_d1356276